MARC

Tag First Indicator Second Indicator Subfields
LEADER 00000cam a22000004a 4500
001 in00002866713
005 20151202172415.0
008 120611s2012 ksua b s001 0 eng
010 |a  2012021651 
020 |a 9780700618682 (cloth : alk. paper) 
020 |a 0700618686 (cloth : alk. paper) 
035 |a (OCoLC)ocn788282493 
040 |a DLC  |c DLC  |d UtOrBLW 
042 |a pcc 
043 |a n-usu--  |a n-us--- 
049 |a TXAM 
050 0 0 |a E302.1  |b .C47 2012 
082 0 0 |a 973.3  |2 23 
100 1 |a Childers, Christopher. 
245 1 4 |a The failure of popular sovereignty :  |b slavery, manifest destiny, and the radicalization of southern politics /  |c Christopher Childers. 
264 1 |a Lawrence :  |b University Press of Kansas,  |c [2012] 
264 4 |c ©2012 
300 |a xii, 334 pages :  |b illustrations ;  |c 24 cm. 
336 |a text  |b txt  |2 rdacontent 
337 |a unmediated  |b n  |2 rdamedia 
338 |a volume  |b nc  |2 rdacarrier 
490 1 |a American political thought 
504 |a Includes bibliographical references and index. 
505 0 |a A desire for self-government : slavery in the early American territories -- "Shall the creature govern the creator"? : self-government and the Missouri Compromise -- "Forgotten principles of their forefathers": retreat from the Missouri Compromise -- "A fit of convulsions" : the Wilmot Proviso and slavery in the West -- "Intended to delude the South" : northern Democrats redefine popular sovereignty -- "Shall the conquered govern the conqueror"? : popular sovereignty in the Mexican cession -- "A recurrence to first principles" : Kansas-Nebraska and popular sovereignty -- "Moves on the political chess-board" : southerners redefine popular sovereignty -- Epilogue : the demise of popular sovereignty and the crisis of the union. 
651 0 |a United States  |x Politics and government  |y 1783-1865. 
651 0 |a Southern States  |x Politics and government  |y 1775-1865. 
650 0 |a Representative government and representation  |z United States  |x History  |y 19th century. 
650 0 |a States' rights (American politics)  |x History  |y 19th century. 
650 0 |a Slavery  |x Political aspects  |z United States  |x History  |y 19th century. 
650 0 |a Slavery  |z United States  |x Extension to the territories. 
651 0 |a United States  |x Territorial expansion  |x Political aspects. 
650 0 |a Manifest Destiny. 
650 0 |a Missouri compromise. 
830 0 |a American political thought. 
945 |a PromptCat 
946 |a stk 
947 |a A14835916209 
948 |a cataloged  |b h  |c 2013/1/18  |d c  |e dmitchel  |f 10:00:00 am 
994 |a 92  |b TXA 
999 |a MARS 
999 f f |s 461ea39b-916a-3752-9e1c-bb8263a97b4a  |i 2fe0c032-d028-3d20-b70f-c46be35cc80d  |t 0 
952 f f |p normal  |a Texas A&M University  |b College Station  |c Sterling C. Evans Library  |d Evans: Library Stacks  |t 0  |e E302.1 .C47 2012  |h Library of Congress classification  |i unmediated -- volume  |m A14835916209 
998 f f |a E302.1 .C47 2012  |t 0  |l Evans: Library Stacks